Le Droit pur (Registro nro. 323809)

Detalles MARC
000 -ENCABEZADO
Número de control [NR] 01876nam a2200265 4500
005 - FECHA Y HORA DE LA ÚLTIMA TRANSACCIÓN
control field 20240129094542.0
008 - DE LONGITUD FIJA DE DATOS DE ELEMENTOS - INFORMACIÓN GENERAL
Elementos de longitud fija [NR] 210316s1930 fr ||||fr|||| 00| 0 fre d
040 ## - FUENTE DE CATALOGACION [NR]
Agencia de catalogación original [NR] CO-BoUCM
Idioma de catalogación [NR] spa
Quien Cataloga Sandra Yazo
Quien Clasifica Sandra Yazo
041 0# - CODIGO DE IDIOMA [R]
Código de idioma para texto/pista de sonido o título separado [R] Francés
082 04 - NUMERO DE CLASIFICACION DECIMAL DEWEY [R]
Número de la edición [NR] 20
Número de clasificación [R] 340.1
092 ## - SIGNATURA TOPOGRAFICA LOCAL
Número de clasificación local E52N153
100 1# - ASIENTO PRINCIPAL--NOMBRE PERSONAL [NR]
Nombre personal [NR] Picard, Edmond‏.
Fechas asociadas con el nombre [NR] (1836 - 1924)
ID Autoridad 179805
242 03 - TRADUCCION DEL TITULO POR LA AGENCIA CATALOGADORA [R]
Título [NR] El Derecho puro
Mención de responsabilidad, etc. [NR] Edmundo Picard
Código de idioma del título traducido [NR] spa
245 13 - MENCION DE TITULO [NR]
Título [NR] Le Droit pur
Mención de responsabilidad, etc. [NR] Edmond Picard.
260 ## - PUBLICACION, DISTRIBUCION, ETC. (PIE DE IMPRENTA) [R]
Lugar de publicación, distribución, etc. [R] París (Francia)
Nombre del editor, distribuidor, etc. [R] Ernest Flammarion ; Imprimerie E. Grevin [Ernesto Flammarion ; Imprenta de E. Grevin]
Fecha de publicación, distribución, etc. [R] 1930
300 ## - DESCRIPCION FISICA [R]
Extensión [R] 401 páginas
Dimensiones [R] 18 x 11 cm.
500 ## - NOTA GENERAL [R]
Nota general [NR] Detalles físicos: Sin encuadernación original, actualmente encuadernación rígida (holandesa) en cartón forrado en papel jaspeado. Lomo de tela, con letras y líneas en dorado. Guardas. Hoja de cortesía. Anteportada. Portada impresa en una sola tinta, con marca tipográfica del editor: anagrama del editor (E F). Texto impreso en una sola columna, con diferentes tipos y tamaños de letra. Sumario al inicio de cada capítulo. Índice. Notas al pie de página. Índice final. Papel manchado por oxidación. Residuos de cinta pegante.
505 2# - NOTA DE CONTENIDO CON FORMATO PREESTABLECIDO [R]
Nota de contenido con formato preestablecido [NR] Introducción: Nociones generales sobre el Derecho puro o Enciclopedia del Derecho ; Libro 1 - 11: Características del Derecho -- El fenómeno jurídico -- Anatomía de un Derecho ; Elementos esenciales -- Las clasificaciones en Derecho -- La dinámica de los derechos particulares ; Su funcionamiento -- Funcionamiento del Derecho en su conjunto orgánico ; Dinámica de la juridicidad -- Evolución del Derecho ; Dinámica de la juridicidad a lo largo del tiempo
506 ## - NOTA DE RESTRICCIONES DE ACCESO [R]
Condiciones de acceso [NR] Consulta en sala
546 ## - NOTA DE IDIOMA [R]
Nota de idioma [NR] Texto en francés
650 #7 - ASIENTO SECUNDARIO DE MATERIA - TERMINO TEMATICO [R]
9 (RLIN) 85008
Término temático o nombre geográfico como elemento de entrada [NR] Derecho
Subdivisión general [R] Teoría
650 #7 - ASIENTO SECUNDARIO DE MATERIA - TERMINO TEMATICO [R]
9 (RLIN) 7494
Término temático o nombre geográfico como elemento de entrada [NR] Derecho
Subdivisión general [R] Fundamentos
690 ## - ASUNTO AGREGADO LOCAL DE ENTRADA - TÉRMINO TEMÁTICO (OCLC, RLIN)
Acceso temático local Teoría del derecho
9 (RLIN) 25308
942 ## - ELEMENTOS DE ENTRADA AGREGADOS (KOHA)
Sistema de clasificación LOCAL
Tipo de ítem principal el descrito en 300a Libro
Edición 1
Clasificación E52N153
Existencias
Suprimido Perdido Sistema de clasificación Dañado No prestable Tipo de ítem específico Ubicación habitual Ubicación actual Localización Fecha de creación Forma de adquisición Costo Total préstamos Signatura topográfica Código de barras Última vez visto Ejemplar Price effective from Tipo de ítem
    LOCAL     Libro archivo Archivo Histórico Archivo Histórico Archivo histórico 29/01/2024 Donación 0.00   E52N153 L006989 29/01/2024 Ej.1 29/01/2024 Libro